Statystyki dla Top 10 Złotej Piłki 2022

Kliknij tutaj aby rozwiązać quiz!

Ogólne statystyki

  • Ten quiz został rozwiązany 160 razy
  • Średni wynik to 7 z 10

Statystyki odpowiedzi

MiejscePiłkarz% Poprawnych
4Lewandowski
95%
1Benzema
90%
6Mbappé
81%
2Mané
64%
3De Bruyne
60%
5Salah
59%
10Haaland
58%
8Vinícius Júnior
58%
9Modrić
51%
7Courtois
36%

Rozkład punktacji

Percentyl według liczby udzielonych odpowiedzi

Procent ludzi z każdym wynikiem

Twoja historia wyników

Nie rozwiązałeś tego quizu